WEMA HAWAJASALIWA (Record no. 216019)

MARC details
000 -LEADER
fixed length control field 00337nam a22001337a 4500
008 - FIXED-LENGTH DATA ELEMENTS--GENERAL INFORMATION
fixed length control field 250812b |||||||| |||| 00| 0 eng d
050 ## - LIBRARY OF CONGRESS CALL NUMBER
Classification number PL 8704.N64 A85 1991
100 ## - MAIN ENTRY--PERSONAL NAME
Personal name ARMAH KWEI AYI
245 ## - TITLE STATEMENT
Title WEMA HAWAJASALIWA
260 ## - PUBLICATION, DISTRIBUTION, ETC.
Place of publication, distribution, etc. KENYA
Name of publisher, distributor, etc. HEINEMANN PUBLISHERS
Date of publication, distribution, etc. 1991
300 ## - PHYSICAL DESCRIPTION
Extent X,175
942 ## - ADDED ENTRY ELEMENTS (KOHA)
Source of classification or shelving scheme Library of Congress Classification
Koha item type Long Loan Book
Holdings
Withdrawn status Lost status Source of classification or shelving scheme Damaged status Not for loan Collection Home library Current library Shelving location Date acquired Inventory number Total checkouts Full call number Barcode Date last seen Date last checked out Copy number Price effective from Koha item type
    Library of Congress Classification     Arts & Social Sciences Kisii University Library Kisii University Library On Display 08/12/2025 17895 1 PL 8704.N64 A85 049535 12/01/2025 11/17/2025 C.104 08/12/2025 Long Loan Book
    Library of Congress Classification     Arts & Social Sciences Kisii University Library Kisii University Library On Display 08/12/2025 17941 2 PL 8704.N64 A85 049520 02/11/2026 12/18/2025 C.45 08/12/2025 Long Loan Book